|
|
|
|
| LEADER |
00000cam a2200000 a 4500 |
| 001 |
vtls001080278 |
| 003 |
SK-MaSNL |
| 005 |
20260302064021.0 |
| 008 |
240517s1988 xo a frp 00000 slo |
| 015 |
|
|
|a SNBA1989/03
|
| 035 |
|
|
|a SNK000023115
|
| 040 |
|
|
|a SNK
|b slo
|c SNK
|e AACR2
|
| 041 |
0 |
|
|a slo
|
| 044 |
|
|
|a xo
|c SK
|
| 072 |
|
7 |
|a 37.016
|x Učebné osnovy. Vyučovacie predmety. Učebnice
|2 konspekt
|
| 072 |
|
7 |
|a 796
|x Šport. Hry. Telesné cvičenia
|2 konspekt
|
| 080 |
|
|
|a 796.2/.3.015(075.8)
|2 1981
|
| 080 |
|
|
|a 796/799
|2 2011
|
| 080 |
|
|
|a 37.02
|2 2011
|
| 080 |
|
|
|a (075.8)
|2 2011
|
| 100 |
1 |
|
|a Starší, Jaroslav,
|d 1932-2011
|4 aut
|9 85527
|
| 245 |
1 |
0 |
|a Teória a didaktika pohybových hier
|b pre štúdium učiteľstva 1.-4. r
|c Jaroslav Starší, Naďa Dušeková, Milan Mišura
|
| 250 |
|
|
|a 1. vyd.
|
| 260 |
|
|
|a Banská Bystrica
|b Pedagogická fakulta
|c 1988
|e Zvolen
|f Edičné stredisko VŠLD
|
| 300 |
|
|
|a 103 strán
|b schémy
|c 29 cm
|
| 366 |
|
|
|e 300 výtl.
|
| 490 |
1 |
|
|a Vysokoškolské učebné texty
|
| 504 |
|
|
|a Obsahuje bibliografiu
|
| 650 |
0 |
7 |
|a športové hry
|2 SNKPH
|9 3234
|
| 650 |
0 |
7 |
|a didaktika
|2 SNKPH
|9 3484
|
| 655 |
|
7 |
|a učebnice vysokých škôl
|2 SNKPH
|9 70191
|
| 700 |
1 |
|
|a Dušeková, Naďa
|4 aut
|9 725809
|
| 700 |
1 |
|
|a Mišura, Milan
|4 aut
|9 725810
|
| 830 |
|
0 |
|a Vysokoškolské učebné texty
|9 276539
|
| 852 |
|
|
|a Slovenská národná knižnica
|
| 958 |
|
|
|a OND
|
| 958 |
|
|
|a NB
|
| 958 |
|
|
|a RM
|
| 958 |
|
|
|a UV
|
| 999 |
|
|
|c 1135296
|d 1137226
|
| 952 |
|
|
|t P60, <04>, [BOOK], {604}
|a SNK
|b SNK
|y VYP
|7 0
|p 17A0015846
|o snkSB 44641 D1
|0 0
|1 0
|4 0
|d 1996-10-28
|l 0
|r 2004-12-31 00:00:00
|w 2026-02-24
|
| 952 |
|
|
|a SNK
|b SNK
|y PREZ
|7 0
|p 17A0851797
|o snkSB 44641
|0 0
|1 0
|4 0
|d 2012-07-10
|f 1
|l 0
|r 2026-02-24 19:16:54
|w 2026-02-24
|